000 00346nam a2200133 i 4500
001 bg
100 1 _aŚLIWIŃSKI, W.
245 0 _aProces docierania metalowych par trących w warunkach smarowania /
_cW. Śliwiński.
260 _aKraków,
_c1990.
040 _cBPK
041 _apol
942 _cKS
008 s pl f |000 0 pol
999 _c29470
_d29470
856 _uhttp://koha.tu.koszalin.pl/cgi-bin/koha/opac-detail.pl?biblionumber=29470
_yKatalog online BPK